000 00596nam a2200157 i 4500
001 108876
003 ES-MaACL
005 20230906184729.0
007 t|
008 061121s1933 mx r ||||1| spa d
110 2 _aMéxico.
_bDirección de Monumentos Prehispánicos.
_95696
245 1 0 _aMonumentos arqueológicos de México /
_cPublicaciones de la Secretaría de Educación Pública. Departamento de Monumentos. Dirección de Monumentos Prehispánicos.
260 _aMéxico :
_b[s.n.],
_c1933 (
_fTall. gráf. de la Nación)
300 _aXIV, 150 p. ;
_c24 cm.
852 _aES-MaACL
_jA-1896
999 _c108876
_d108876